000 00621nam a2200205Ia 4500
005 20250508151928.0
008 008 250505s9999 xx 000 0 eng d
037 _aTextual
040 _aFEDL
_beng
_cFEDL
041 _aeng
_2eng
084 _a371.2, WIL
_qFEDL
100 _aWiles Kimball
_991317
245 0 _aSupervision in physical education : A guide to principles and practices
260 _aEnglewood Cliffs
_b Prentice-Hall
_c1956
300 _axiii,352p.
650 _aSchool Administration
700 _a Brown Camille
_9760391
942 _cTEXL
_h371.2, WIL
999 _c1333023
_d1333023